Getriebe-Worterbuch : Dictionary of Mechanism. (Record no. 3547)

MARC details
005 - DATE AND TIME OF LATEST TRANSACTION
control field 20250609164452.0
020 ## - INTERNATIONAL STANDARD BOOK NUMBER
International Standard Book Number 3-7625-0707-4
082 ## - DEWEY DECIMAL CLASSIFICATION NUMBER
Classification number REF 620.003 BUC
100 ## - MAIN ENTRY--PERSONAL NAME
Author name BUCKSCH, H.
245 ## - TITLE STATEMENT
Title Getriebe-Worterbuch : Dictionary of Mechanism.
260 ## - PUBLICATION, DISTRIBUTION, ETC.
Place of publication, distribution, etc. Estover,
Name of publisher, distributor, etc. McDonald & Evans,
Date of publication, distribution, etc. 1976.
300 ## - PHYSICAL DESCRIPTION
Extent 286p.: ill.;
Dimensions 20cm.
942 ## - ADDED ENTRY ELEMENTS (KOHA)
Source of classification or shelving scheme Dewey Decimal Classification
Koha item type Books
Holdings
Date last seen Total checkouts Full call number Barcode Cost, replacement price Price effective from Koha item type Lost status Source of classification or shelving scheme Damaged status Not for loan Withdrawn status Home library Current library Shelving location Date acquired Cost, normal purchase price
06/09/2025   REF 620.003 BUC 00000011764 30000.00 06/09/2025 Books   Dewey Decimal Classification       College of Business Education Main Library College of Business Education Main Library Reference Collection 05/10/1979 10000.00